000 01166cam a2200265 4500
001 L119880
008 000000n2005 000 0 eng u
020 _a0853088438
035 _a(Sirsi) u119880
041 _aeng
050 _a346.4104343
_c18
100 _aFife, Graham
245 _aRenewing business tenancies
250 _a3rd ed.
260 _aBristol
_bJordans
_c2005
300 _axx, 186p.
_c24cm.
350 _a45
520 _aSubstantially revised edition which takes into account the reforms brought in by the Regulatory Reform (Business Tenancies)(England and Wales) Order 2003. Explains the new law and procedure incorporating recent case law. Also includes information checklists, the Landlord and Tenant Act 1954 Part II (as amended by the Order) and useful tips for advisers to landlords and tenants.
590 _aIKA150405
650 _aREGULATORY REFORM (BUSINESS TENANCIES) (ENGLAND AND WALES) ORDER 2003
650 _aLANDLORD AND TENANT ACT 1954 PART II
690 _aPROPERTY-COMMERCIAL PROPERTY-LEASEHOLD COMMERCIAL PROPERTY-COMMERCIAL LANDLORD AND TENANT-BUSINESS TENANCIES
700 _aHilditch, Brian
942 _n0
999 _c102426
_d102426